|
|
|
|
| LEADER |
00000cam a2200000 7i4500 |
| 001 |
0000005515 |
| 005 |
20240930.0 |
| 008 |
240624 njua eng |
| 020 |
|
|
|a 0133803600 (hardback)
|
| 040 |
|
|
|a INS
|b eng
|e rda
|
| 090 |
0 |
0 |
|a HD2746.5
|b .H36 1981
|
| 245 |
0 |
0 |
|a Handbook of mergers, acquisitions and buyouts
|c edited by Steven James Lee and Robert Douglas Colman
|
| 264 |
|
1 |
|a Englewood Cliffs N.J. :
|b Prentice Hall
|c 1981
|
| 264 |
|
4 |
|c ©1981
|
| 300 |
|
|
|a xiv, 747 pages :
|b illustrations ;
|c 29 cm.
|
| 336 |
|
|
|a text
|2 rdacontent
|
| 337 |
|
|
|a unmediated
|2 rdamedia
|
| 338 |
|
|
|a volume
|2 rdacarrier
|
| 650 |
|
0 |
|a Consolidation and merger of corporations
|z United States
|x Addresses, essays, lectures
|
| 700 |
1 |
|
|a Colman, Robert Douglas ,
|e editor
|
| 700 |
1 |
|
|a Lee, Steven James ,
|e editor
|
| 999 |
|
|
|a 0000023016
|b BOOK
|c Open Shelf
|e Default branch
|